000 00337nam a2200145Ia 4500
008 220805s9999 xx 000 0 und d
041 _aeng
082 _a153
100 _aSharbuno, Jeanne
_988887
260 _aMumbai
_bJaico pub.
245 _a52 ways to live Success
250 _a1
300 _a168
650 _alive Success
_988888
999 _c48915
_d48915